Alle Länder mit P - Statistiken

Allgemein
  • Dieses Quiz wurde 145 mal gespielt
  • Das Durchschnittsergebnis liegt bei 7 aus 9
Antwortstatistiken
Nr Antwort % Korrekt
9 Portugal
88%
5 Paraguay
83%
6 Peru
83%
8 Polen
83%
1 Pakistan
78%
3 Panama
78%
2 Palau
75%
4 Papua-Neuguinea
73%
7 Philippinen
59%
Keine übereinstimmenden Quizze gefunden
Verteilung der Resultate
Anzahl Personen mit jedem Resultat
Perzentil nach korrekt beantworteten Fragen
Ihre Resultats-Entwicklung
Sie haben dieses Quiz noch nicht gespielt